Województwa bez klubu w 1 lidze w 30 sekund (2025/26) - Statystyki

Ogólne statystyki
  • Ten quiz został rozwiązany 20 razy
  • Średni wynik to 5 z 8
Statystyki odpowiedzi
Województwo % Poprawnych
Lubuskie
88%
Warmińsko-mazurskie
76%
Podlaskie
65%
Pomorskie
59%
Zachodniopomorskie
59%
Kujawsko-pomorskie
53%
Świętokrzyskie
35%
Wielkopolskie
24%
Nie znaleziono quizów pasujących do podanych kryteriów
Rozkład punktacji
Procent ludzi z każdym wynikiem
Percentyl według liczby udzielonych odpowiedzi
Twoja historia wyników
Nie rozwiązałeś tego quizu